The comet and you / (Record no. 8390)
[ view plain ]
| 000 -LEADER | |
|---|---|
| fixed length control field | 01033cam a2200289 a 4500 |
| 001 - CONTROL NUMBER | |
| JCCL Control Number | 8390 |
| 003 - CONTROL NUMBER IDENTIFIER | |
| JCCL marc code | BD-JhCC |
| 005 - DATE AND TIME OF LATEST TRANSACTION | |
| control field | 20180222135323.0 |
| 008 - FIXED-LENGTH DATA ELEMENTS--GENERAL INFORMATION | |
| fixed length control field | 840829s1985 nyua j 000 0 eng |
| 020 ## - INTERNATIONAL STANDARD BOOK NUMBER | |
| International Standard Book Number | 0027512509 |
| 035 ## - SYSTEM CONTROL NUMBER | |
| system control number | (BD-JhCC)8390 |
| 040 ## - CATALOGING SOURCE | |
| Original cataloging agency | DLC |
| Transcribing agency | DLC |
| Modifying agency | DLC |
| -- | BD-JhCC |
| 041 ## - LANGUAGE CODE | |
| Language code of Book | eng |
| 050 00 - LIBRARY OF CONGRESS CALL NUMBER | |
| Classification number | QB723.H2 |
| Item number | K78 1985 |
| 082 00 - DEWEY DECIMAL CLASSIFICATION NUMBER | |
| Classification number | 523.6/4 |
| DDC Edition number | 19 |
| Author mark and Year | KRU 1985 |
| 100 1# - MAIN ENTRY--PERSONAL NAME | |
| Personal name | Krupp, E. C. |
| Fuller form of name | (Edwin C.), |
| Dates associated with a name | 1944- |
| 245 14 - TITLE STATEMENT | |
| Title | The comet and you / |
| Statement of responsibility, etc | written by E.C. Krupp ; illustrated by Robin Rector Krupp. |
| 260 ## - PUBLICATION, DISTRIBUTION, ETC. (IMPRINT) | |
| Place of publication, distribution, etc | New York : |
| Name of publisher, distributor, etc | Macmillan Pub. Co. ; |
| Place of publication, distribution, etc | London : |
| Name of publisher, distributor, etc | Collier Macmillan, |
| Date of publication, distribution, etc | c1985. |
| 300 ## - PHYSICAL DESCRIPTION | |
| Pagination | 48 p. : |
| Other physical details | ill. ; |
| Dimensions | 22 x 26 cm. |
| 520 ## - SUMMARY, ETC. | |
| Summary, etc | Presents the history, appearance, and physical composition of Halley's comet and compares it to other comets, describing its path through the solar system and its predicted return. |
| 650 #1 - SUBJECT ADDED ENTRY--TOPICAL TERM | |
| Topical term or geographic name as entry element | Halley's comet. |
| 651 #0 - SUBJECT ADDED ENTRY--GEOGRAPHIC NAME | |
| Geographic name | Halley's comet |
| General subdivision | Juvenile literature. |
| 651 #1 - SUBJECT ADDED ENTRY--GEOGRAPHIC NAME | |
| Geographic name | Comets. |
| 700 1# - ADDED ENTRY--PERSONAL NAME | |
| Personal name | Krupp, Robin Rector, |
| 942 ## - ADDED ENTRY ELEMENTS (KOHA) | |
| Source of classification or shelving scheme | Dewey Decimal Classification |
| Koha item type | Books |
| Source of classification or shelving scheme | Damaged status | Not for loan | Home library | Current library | Shelving location | Total Checkouts | Full call number | Barcode | Date last seen | Copy number | Koha item type |
|---|---|---|---|---|---|---|---|---|---|---|---|
| Dewey Decimal Classification | JCC Rouf Library | JCC Rouf Library | General Stacks | 523.6/4 KRU 1985 | 8703 | 02/22/2018 | C - 1 | Books |